000 00253nam a2200097Ia 4500
001 1081811
005 20250827002512.0
008 250824s9999 xx 000 0 und d
245 0 _aUĞULTULU TEPELER
_cEMİLY BRONTE
260 _bANTİK DÜNYA KLASİKLERİ
999 _c1081811
_d1081811